000 00862nam a2200253Ia 4500
003 OSt
005 20221005091710.0
006 a|||||r|||| 00| 0
007 ta
008 221004b |||||||| |||| 00| 0 eng d
020 _a9781137465986 (hbk)
_c5166.14
024 _a21018
037 _b43754, 27/03/2015, Segment Book Distributors
_cTextual
040 _aCRL
_cCRL
_beng
041 _2eng
_aeng
082 _aO111,2J64:g(Y15), Q4
100 _aLeigh Lori
_9616513
245 0 _aShakespeare and the embodied heroine
_b Staging female characters in the late plays and early adaptations
260 _aNew York
_bPalgrave USA
_c2014
300 _axiii,210p.
_ccm.
650 _aENGLISH LITERATURE
942 _hO111,2J64:g(Y15), Q4
_cTEXL
_2cc
999 _c997659
_d997659